Prípad čínskeho zlata (Record no. 21851)
[ view plain ]
| 000 -LEADER | |
|---|---|
| fixed length control field | 01582nam a2200433 a 4500 |
| 001 - CONTROL NUMBER | |
| control field | 21851 |
| 003 - CONTROL NUMBER IDENTIFIER | |
| control field | VRT |
| 005 - DATE AND TIME OF LATEST TRANSACTION | |
| control field | 20260311154418.0 |
| 008 - FIXED-LENGTH DATA ELEMENTS--GENERAL INFORMATION | |
| fixed length control field | 250414s1991 xo 000 j slo |
| 015 ## - NATIONAL BIBLIOGRAPHY NUMBER | |
| National bibliography number | SNBA1991/09 |
| 020 ## - INTERNATIONAL STANDARD BOOK NUMBER | |
| International Standard Book Number | 8022003018 |
| 035 ## - SYSTEM CONTROL NUMBER | |
| System control number | SNK000008484 |
| 035 ## - SYSTEM CONTROL NUMBER | |
| System control number | urn:nbn:sk:snk-amjapn |
| 035 ## - SYSTEM CONTROL NUMBER | |
| System control number | urn:nbn:sk:snk-am002x77 |
| 035 ## - SYSTEM CONTROL NUMBER | |
| System control number | 8580F954-5A74-4E97-B17E-91D700500A67 |
| 039 #9 - LEVEL OF BIBLIOGRAPHIC CONTROL AND CODING DETAIL [OBSOLETE] | |
| Level of rules in bibliographic description | 202504141420 |
| Level of effort used to assign nonsubject heading access points | VLOAD |
| Level of effort used to assign subject headings | 202408281905 |
| Level of effort used to assign classification | AUTHORITY |
| Level of effort used to assign subject headings | 202408281904 |
| Level of effort used to assign classification | AUTHORITY |
| Level of effort used to assign subject headings | 202408281848 |
| Level of effort used to assign classification | AUTHORITY |
| 040 ## - CATALOGING SOURCE | |
| Original cataloging agency | SNK |
| Language of cataloging | slo |
| Transcribing agency | SNK |
| Description conventions | AACR2 |
| 041 1# - LANGUAGE CODE | |
| Language code of text/sound track or separate title | slo |
| Language code of original | eng |
| -- | dut |
| 044 ## - COUNTRY OF PUBLISHING/PRODUCING ENTITY CODE | |
| MARC country code | xo |
| ISO country code | SK |
| 080 ## - UNIVERSAL DECIMAL CLASSIFICATION NUMBER | |
| Universal Decimal Classification number | 839.31-3 |
| Edition identifier | 1981 |
| 100 1# - MAIN ENTRY--PERSONAL NAME | |
| Personal name | Gulik, Robert van, |
| Dates associated with a name | 1910-1967 |
| Relationship | aut |
| 245 10 - TITLE STATEMENT | |
| Title | Prípad čínskeho zlata |
| Statement of responsibility, etc. | Robert van Gulik ; [ z angl. prel. Ondrej Laurinc ; prebal, väzba a ilustr. Svetozár Mydlo] |
| 250 ## - EDITION STATEMENT | |
| Edition statement | 1. vyd. |
| 260 ## - PUBLICATION, DISTRIBUTION, ETC. | |
| Place of publication, distribution, etc. | Bratislava |
| Name of publisher, distributor, etc. | Slovenský spisovateľ |
| Date of publication, distribution, etc. | 1991 |
| 300 ## - PHYSICAL DESCRIPTION | |
| Extent | 376 s., 23,11 AH |
| Dimensions | 21 cm |
| 490 1# - SERIES STATEMENT | |
| Series statement | Zelená knižnica |
| 500 ## - GENERAL NOTE | |
| General note | Ilustr. tit. list. Obsahuje 2 diela |
| 700 1# - ADDED ENTRY--PERSONAL NAME | |
| Personal name | Laurinc, Ondrej |
| Relationship | trl |
| 700 1# - ADDED ENTRY--PERSONAL NAME | |
| Personal name | Mydlo, Svetozár, |
| Dates associated with a name | 1948-2014 |
| Relationship | ill |
| 740 ## - ADDED ENTRY--UNCONTROLLED RELATED/ANALYTICAL TITLE | |
| Uncontrolled related/analytical title | Prípad čínského jazera |
| 830 #0 - SERIES ADDED ENTRY--UNIFORM TITLE | |
| Uniform title | Zelená knižnica |
| 942 ## - ADDED ENTRY ELEMENTS (KOHA) | |
| Source of classification or shelving scheme | Dewey Decimal Classification |
| Koha item type | Krásna literatúra pre dospelých |
| Suppress in OPAC | No |
| 949 ## - LOCAL PROCESSING INFORMATION (OCLC) | |
| 6 | 17A0137053 |
| 9 | P60, <05>, [BOOK], {605} |
| a | snkSC 80126 D1 |
| s | 6100:20140925 |
| 949 ## - LOCAL PROCESSING INFORMATION (OCLC) | |
| 6 | 17A0231922 |
| 9 | P60, <03>, [BOOK], {603} |
| a | snkSC 80126 |
| 949 ## - LOCAL PROCESSING INFORMATION (OCLC) | |
| 6 | 270001000065551 |
| a | svkbbA 76789-a |
| b | svkbbm 561355 |
| p | 561.355 |
| 949 ## - LOCAL PROCESSING INFORMATION (OCLC) | |
| 6 | 270001000251119 |
| a | svkbbA 76789 |
| b | svkbbm 561298 |
| Stav vyradenia | Strata | Poškodenie | Spôsob nadobudnutia | Domovská knižnica | Aktuálna knižnica | Dátum nadobudnutia | Total checkouts | Čiarový kód exemplára | Date last seen | Typ exemplára |
|---|---|---|---|---|---|---|---|---|---|---|
| Dar | Obecná knižnica Folkušová | Obecná knižnica Folkušová | 11.03.2026 | 4734401049 | 11.03.2026 | Krásna literatúra pre dospelých |
